000 00398nam a2200145Ia 4500
008 140316s9999 xx 000 0 und d
020 _a8176463442
082 _a020
_bKUM/ST.1
100 _aKumar,P.S.G
245 _aStudents manual of library and information science .V.1
260 _aDelhi
_bB.R.Publishing corporation
_c2002
300 _a503
650 _aLibrary science
942 _2ddc
_cREF
999 _c20249
_d20249